[Event "10. KUP SS OBZ"]
[Site "Našice"]
[Date "2017.02.17"]
[Round "1.1"]
[White "Drmic, Tomislav"]
[Black "Grguric, Damir"]
[Result "1-0"]
[WhiteElo "2238"]
[BlackElo "2001"]
[PlyCount "79"]
[EventDate "2017.02.17"]

1. e4 c5 2. Nf3 d6 3. Nc3 Nc6 4. d4 cxd4 5. Nxd4 Nf6 6. Be2 g6 7. Be3 Bg7 8.
O-O O-O 9. Nb3 Be6 10. h3 Ne5 11. Nd2 Qc8 12. Nb5 Bxh3 13. gxh3 Qxh3 14. Bf4
Nfg4 15. a4 f5 16. Ra3 Qh5 17. Nf3 Bh6 18. Bg3 Nxf3+ 19. Bxf3 Qg5 20. Bxg4 fxg4
21. Qd5+ Qxd5 22. exd5 Bg7 23. Nc7 Rac8 24. Ne6 Rf5 25. Nxg7 Kxg7 26. Re1 Kf7
27. Rb3 Rc7 28. c4 h5 29. Rbe3 g5 30. b3 a6 31. Re6 Rf3 32. Rh6 Kg7 33. Rxh5
Kg6 34. Rh8 Kg7 35. Rd8 Rxb3 36. c5 Rd3 37. cxd6 exd6 38. Bxd6 Rc4 39. Re7+ Kg6
40. Re6+ 1-0

[Event "10. KUP SS OBZ"]
[Site "Našice"]
[Date "2017.02.17"]
[Round "1.1"]
[White "Mravunac, Branko"]
[Black "Grandic, Zvjezdan"]
[Result "0-1"]
[WhiteElo "1970"]
[BlackElo "2201"]
[PlyCount "70"]
[EventDate "2017.02.17"]

1. e4 d6 2. f4 c5 3. Nf3 Nf6 4. Bb5+ Nc6 5. Nc3 a6 6. Bxc6+ bxc6 7. d3 Rb8 8.
b3 g6 9. Bd2 Bg7 10. Rb1 O-O 11. O-O Ne8 12. h3 Nc7 13. a4 Ne6 14. Ne2 Nd4 15.
c3 Nxf3+ 16. Rxf3 d5 17. c4 e5 18. Qc2 f5 19. cxd5 cxd5 20. exf5 Bxf5 21. fxe5
c4 22. bxc4 Rxb1+ 23. Qxb1 dxc4 24. Qa2 Bxd3 25. Rxf8+ Bxf8 26. Be3 Qd5 27. Bf2
Qxe5 28. Nc1 Qd5 29. Qb2 Be4 30. Be3 Qd1+ 31. Kf2 Qh1 32. Kg3 Bd6+ 33. Bf4 Qe1+
34. Kg4 Bf5+ 35. Kf3 Qe4+ 0-1

[Event "10. KUP SS OBZ"]
[Site "Našice"]
[Date "2017.02.17"]
[Round "1.1"]
[White "Aleksic, Robert"]
[Black "Oreskovic, Pero"]
[Result "1-0"]
[WhiteElo "2153"]
[BlackElo "1975"]
[PlyCount "81"]
[EventDate "2017.02.17"]

1. e4 c5 2. Nf3 d6 3. c3 Nc6 4. d4 cxd4 5. cxd4 Nf6 6. d5 Ne5 7. Nxe5 dxe5 8.
Nc3 g6 9. Be2 Bg7 10. O-O O-O 11. Qb3 b6 12. Rd1 Nd7 13. Be3 Kh8 14. Rac1 Nf6
15. h3 Bb7 16. a4 Bc8 17. Bb5 Nh5 18. a5 Bd7 19. Bc6 Rb8 20. a6 Nf4 21. Qb5 Bc8
22. Rc2 Qd6 23. Ne2 Qf6 24. Bd7 Qh4 25. Ng3 f5 26. Bxc8 Nxh3+ 27. gxh3 f4 28.
Kg2 fxg3 29. f3 Rbxc8 30. Rxc8 Rxc8 31. Qd7 Rf8 32. Qxa7 Qf6 33. Rf1 Rc8 34.
Qxb6 Qh4 35. Rc1 Rxc1 36. Bxc1 Bh6 37. a7 Bxc1 38. a8=Q+ Kg7 39. Qbd8 Kh6 40.
Qf8+ Kh5 41. Qac8 1-0

[Event "10. KUP SS OBZ"]
[Site "Našice"]
[Date "2017.02.17"]
[Round "1.1"]
[White "Zorman, Antun"]
[Black "Zubak, Zeljko"]
[Result "1-0"]
[WhiteElo "1910"]
[BlackElo "2039"]
[PlyCount "85"]
[EventDate "2017.02.17"]

1. e4 c5 2. Nf3 d6 3. d4 cxd4 4. Nxd4 Nf6 5. Nc3 a6 6. h3 b5 7. a3 Bb7 8. Bd3
e6 9. O-O Be7 10. Be3 Nbd7 11. Nde2 Rc8 12. Ng3 Qc7 13. Rc1 O-O 14. f4 Nb6 15.
b3 Nbd7 16. Nce2 Nc5 17. Nc3 Rfd8 18. b4 Ncd7 19. Nce2 Nb6 20. Rb1 Nc4 21. Qc1
d5 22. e5 Ne4 23. Rd1 a5 24. Rb3 axb4 25. axb4 Nxg3 26. Nxg3 Ra8 27. Bd4 Ra2
28. Re1 Ra4 29. c3 Ra2 30. f5 Bh4 31. Qf4 Bxg3 32. Qxg3 exf5 33. Qg5 Re8 34.
Rbb1 Bc8 35. Ra1 Rxa1 36. Rxa1 h6 37. Qh5 Nxe5 38. Bxb5 Nc6 39. Bf2 Re7 40. Ra8
Kh7 41. Qh4 Ne5 42. Rxc8 Qb7 43. Rc5 1-0

[Event "10. KUP SS OBZ"]
[Site "Našice"]
[Date "2017.02.17"]
[Round "1.2"]
[White "Dusper, Hrvoje"]
[Black "Cajzler, Hinko"]
[Result "1-0"]
[WhiteElo "2191"]
[BlackElo "2086"]
[PlyCount "89"]
[EventDate "2017.02.17"]

1. e4 c6 2. d4 d5 3. Nc3 dxe4 4. Nxe4 Nf6 5. Nxf6+ gxf6 6. c3 Bf5 7. Nf3 e6 8.
g3 Nd7 9. Bg2 Qc7 10. O-O O-O-O 11. b4 Be4 12. a4 h5 13. Qe2 f5 14. Bg5 f6 15.
Bh4 Be7 16. Bh3 Bxf3 17. Qxf3 Nf8 18. Rfe1 Kb8 19. Bf1 Rd6 20. Bc4 Bd8 21. Re3
Qg7 22. Rae1 Ng6 23. Rxe6 Rxe6 24. Rxe6 Nxh4 25. Qf4+ Ka8 26. Qxh4 Qg4 27. Qxg4
fxg4 28. Bd3 Kb8 29. Bg6 Kc7 30. Re8 Rh6 31. Bf5 h4 32. Bxg4 hxg3 33. fxg3 Rg6
34. Bf5 Rg7 35. Kg2 b6 36. h4 Re7 37. Rxe7+ Bxe7 38. h5 Bf8 39. Kf3 Kd6 40. Ke4
Bh6 41. c4 c5 42. dxc5+ bxc5 43. b5 Bd2 44. a5 Ke7 45. b6 1-0

[Event "10. KUP SS OBZ"]
[Site "Našice"]
[Date "2017.02.17"]
[Round "1.2"]
[White "Prekratic, Marijan"]
[Black "Fridl, Miroslav"]
[Result "1/2-1/2"]
[WhiteElo "1902"]
[BlackElo "1977"]
[PlyCount "106"]
[EventDate "2017.02.17"]

1. d4 f5 2. Nf3 Nf6 3. Nbd2 g6 4. g3 Bg7 5. c3 d6 6. Bg2 c6 7. Qc2 Qc7 8. e4
fxe4 9. Nxe4 O-O 10. Nxf6+ Bxf6 11. Bh6 Bg7 12. Bxg7 Kxg7 13. O-O Bg4 14. Qe4
Bf5 15. Qe3 Na6 16. Rae1 Rae8 17. Nh4 Qc8 18. f4 Nc7 19. c4 Na6 20. Qc3 Kg8 21.
Re3 Bd7 22. Rfe1 Rf7 23. Nf3 Nc7 24. Ng5 Rg7 25. b3 h6 26. Nf3 b5 27. Qd2 bxc4
28. bxc4 Qa6 29. Qe2 Bg4 30. Qc2 Bf5 31. Qb3 Qb6 32. Qc3 c5 33. d5 a5 34. a3
Bg4 35. Nd2 Kf8 36. h3 Bd7 37. Kh2 a4 38. Be4 Rb8 39. Rb1 Qa7 40. Qd3 Rxb1 41.
Qxb1 Be8 42. Rf3 e6 43. Qd3 Qb6 44. g4 exd5 45. Bxd5 Qb2 46. f5 Qe5+ 47. Kg2
Nxd5 48. cxd5 Re7 49. fxg6+ Kg7 50. Nc4 Qe2+ 51. Qxe2 Rxe2+ 52. Kg3 Bxg6 53.
Nxd6 Rd2 1/2-1/2

[Event "10. KUP SS OBZ"]
[Site "Našice"]
[Date "2017.02.17"]
[Round "1.2"]
[White "Vitkovic, Andrija"]
[Black "Novak, Grgur"]
[Result "0-1"]
[WhiteElo "1908"]
[BlackElo "1928"]
[PlyCount "118"]
[EventDate "2017.02.17"]

1. e4 c5 2. Nf3 d6 3. d4 cxd4 4. Nxd4 Nf6 5. Bd3 e5 6. Ne2 Be6 7. O-O Qc7 8.
Nbc3 a6 9. Ng3 Nbd7 10. Bg5 h6 11. Be3 g5 12. Be2 Nb6 13. Bxb6 Qxb6 14. Nd5
Nxd5 15. exd5 Bd7 16. Nh5 Qd8 17. c4 Bf5 18. Bg4 Bg6 19. Qa4+ Ke7 20. Ng3 Kf6
21. Bh5 Qe8 22. Bxg6 Kxg6 23. Qc2+ f5 24. b4 b6 25. Rfe1 Bg7 26. Rac1 Rf8 27.
Qe2 Qd8 28. Qd3 a5 29. a3 h5 30. c5 h4 31. Nf1 axb4 32. axb4 e4 33. Qd1 Rf6 34.
c6 Rf7 35. f3 exf3 36. Re6+ Bf6 37. Ne3 f4 38. Qd3+ Kh5 39. g4+ hxg3 40. hxg3
fxe3 41. Qxe3 Raa7 42. Qxf3+ Kg6 43. Qe4+ Kg7 44. Re8 Qc7 45. Rd1 Re7 46. Rxe7+
Qxe7 47. Qxe7+ Bxe7 48. Rc1 Rc7 49. b5 Bf6 50. Re1 Rc8 51. Re6 Be5 52. Re7+ Kf6
53. Rb7 Bd4+ 54. Kg2 Ke5 55. Rg7 Kxd5 56. Rxg5+ Be5 57. Rf5 Kc5 58. Rf7 Kxb5
59. c7 Kc6 0-1

[Event "10. KUP SS OBZ"]
[Site "Našice"]
[Date "2017.02.17"]
[Round "1.3"]
[White "Tomaic, Goran"]
[Black "Ascic, Jozo"]
[Result "1-0"]
[WhiteElo "2088"]
[BlackElo "1856"]
[PlyCount "63"]
[EventDate "2017.02.17"]

1. e4 e5 2. Nf3 Nc6 3. d4 exd4 4. Nxd4 Bc5 5. Be3 Qf6 6. c3 d6 7. Be2 Nxd4 8.
cxd4 Bb4+ 9. Nc3 Bd7 10. O-O Bxc3 11. bxc3 Qe7 12. Qc2 Nf6 13. Bd3 Ng4 14. Bf4
h5 15. f3 Nh6 16. Rab1 g5 17. Bd2 b6 18. c4 O-O-O 19. a4 Rdf8 20. a5 f5 21.
axb6 cxb6 22. Bb4 fxe4 23. fxe4 Rxf1+ 24. Rxf1 Qg7 25. Bc3 Rf8 26. Ra1 Kb8 27.
c5 Qe7 28. cxb6 axb6 29. Qa2 Bc6 30. d5 Bb7 31. Qa7+ Kc7 32. Bd4 1-0

[Event "10. KUP SS OBZ"]
[Site "Našice"]
[Date "2017.02.17"]
[Round "1.3"]
[White "Macanga, Branko"]
[Black "Lijic, Josip"]
[Result "0-1"]
[WhiteElo "1900"]
[BlackElo "2038"]
[PlyCount "110"]
[EventDate "2017.02.17"]

1. Nf3 Nf6 2. c4 e6 3. g3 d5 4. Bg2 c6 5. O-O Bd6 6. d4 O-O 7. c5 Bc7 8. Nc3 b6
9. b4 a5 10. b5 Bb7 11. a4 Re8 12. Re1 Nbd7 13. Ba3 e5 14. e3 bxc5 15. dxc5 Qe7
16. bxc6 Bxc6 17. Nb5 Nf8 18. Qc2 Ne4 19. Nh4 g6 20. Bxe4 dxe4 21. Nd6 Bxd6 22.
cxd6 Qd7 23. Rec1 Rac8 24. Qc5 Qd8 25. Bb2 Nd7 26. Qc2 Nf6 27. Ba3 Qd7 28. Qc5
Qh3 29. Qc4 Ng4 30. Qa2 Qxh2+ 31. Kf1 Bxa4 32. Rc7 Bb5+ 33. Ke1 Qg1+ 34. Kd2
Qxf2+ 35. Kc1 Qxe3+ 36. Qd2 Qb6 37. Qc3 Rxc7 38. Qxc7 Qxc7+ 39. dxc7 Rc8 40.
Bd6 a4 41. Rb1 Bd7 42. Ng2 f5 43. Kd2 Kf7 44. Rb7 Ke6 45. Rb6 Kd5 46. Ne3+ Nxe3
47. Kxe3 g5 48. Ra6 f4+ 49. gxf4 exf4+ 50. Bxf4 gxf4+ 51. Kxf4 Rxc7 52. Ra5+
Rc5 53. Ra7 Bc6 54. Rxh7 Kc4 55. Rh3 Kb4 0-1

[Event "10. KUP SS OBZ"]
[Site "Našice"]
[Date "2017.02.17"]
[Round "1.3"]
[White "Pintaric, Ivica"]
[Black "Loncar, Marko"]
[Result "1-0"]
[WhiteElo "2006"]
[BlackElo "1821"]
[PlyCount "45"]
[EventDate "2017.02.17"]

1. e4 e5 2. Nc3 Nf6 3. f4 Nc6 4. fxe5 Nxe5 5. d4 Nc6 6. e5 Ng8 7. Nf3 d6 8. Bb5
Bd7 9. O-O dxe5 10. Bxc6 Bxc6 11. d5 Bc5+ 12. Kh1 Bd7 13. Nxe5 Nf6 14. Bg5 Be7
15. Bxf6 Bxf6 16. Nxd7 Qxd7 17. Re1+ Kf8 18. Ne4 Be7 19. Rf1 Rd8 20. c4 f5 21.
g4 g6 22. gxf5 Kf7 23. fxg6+ 1-0

[Event "10. KUP SSOBZ"]
[Site "Našice"]
[Date "2017.02.18"]
[Round "2.1"]
[White "Dusper, Hrvoje"]
[Black "Drmic, Tomislav"]
[Result "1/2-1/2"]
[WhiteElo "2191"]
[BlackElo "2238"]
[PlyCount "158"]
[EventDate "2017.02.17"]

1. c4 e5 2. Nc3 Nf6 3. g3 d5 4. cxd5 Nxd5 5. Bg2 Nb6 6. e3 Nc6 7. Nge2 Be7 8.
O-O O-O 9. f4 exf4 10. Nxf4 Ne5 11. d4 Ng6 12. e4 c6 13. b3 Bd7 14. Bb2 Qc8 15.
Qd2 Bg4 16. Nd1 Qc7 17. Ne3 Bd7 18. Nh5 Bg5 19. Qf2 f6 20. Nf5 Bxf5 21. Qxf5
Rad8 22. Kh1 Rfe8 23. Rad1 Qe7 24. Qf2 Nf8 25. h4 Bh6 26. Rfe1 Ng6 27. g4 Qc7
28. e5 Rf8 29. exf6 gxf6 30. Nxf6+ Kh8 31. g5 Bg7 32. d5 cxd5 33. h5 Qf4 34.
Qxf4 Nxf4 35. h6 Bxf6 36. Bxf6+ Rxf6 37. gxf6 Kg8 38. Re7 Nh5 39. f7+ Kf8 40.
Re8+ Rxe8 41. fxe8=Q+ Kxe8 42. Bxd5 Ng3+ 43. Kh2 Nf5 44. Bxb7 Nxh6 45. a4 Ng4+
46. Kg3 Nf6 47. a5 Nbd7 48. Bc6 Kd8 49. Bxd7 Nxd7 50. Rh1 Kc7 51. Rxh7 Kc6 52.
Kf4 a6 53. Ke3 Nf8 54. Rh5 Nd7 55. Kd4 Nb8 56. Rh6+ Kb5 57. Rh5+ Kb4 58. Kd5
Kxa5 59. Kc4+ Kb6 60. Rh6+ Kb7 61. b4 Nd7 62. Rd6 Nb6+ 63. Kd4 Na4 64. Rh6 Nb6
65. Rg6 Na4 66. Rg5 Nb6 67. Ke5 Na4 68. Kd6 Kb6 69. Rc5 Nb2 70. Rc8 Kb7 71. Rc2
Na4 72. Ra2 Nc3 73. Rc2 Na4 74. Kd5 Nb6+ 75. Kd4 Na4 76. Ra2 Nb6 77. Ra5 Nd7
78. Rd5 Nb6 79. Rd6 Na4 1/2-1/2

[Event "10. KUP SSOBZ"]
[Site "Našice"]
[Date "2017.02.18"]
[Round "2.1"]
[White "Miletic, Josip"]
[Black "Fridl, Miroslav"]
[Result "1/2-1/2"]
[WhiteElo "2158"]
[BlackElo "1977"]
[PlyCount "21"]
[EventDate "2017.02.17"]

1. e4 c5 2. Nf3 d6 3. d4 cxd4 4. Nxd4 Nf6 5. Nc3 a6 6. Be2 e5 7. Nb3 Be6 8. Bg5
Nbd7 9. O-O Be7 10. Bxf6 Nxf6 11. Bf3 1/2-1/2

[Event "10. KUP SSOBZ"]
[Site "Našice"]
[Date "2017.02.18"]
[Round "2.1"]
[White "Vitkovic, Andrija"]
[Black "Grandic, Zvjezdan"]
[Result "0-1"]
[WhiteElo "1908"]
[BlackElo "2201"]
[PlyCount "44"]
[EventDate "2017.02.17"]

1. e4 d6 2. d4 Nf6 3. Nc3 g6 4. f4 Bg7 5. Nf3 O-O 6. e5 dxe5 7. fxe5 Nd5 8.
Nxd5 Qxd5 9. c3 c5 10. Be2 Nc6 11. Be3 cxd4 12. cxd4 Rd8 13. Qd2 Bg4 14. O-O
Bxe5 15. Nxe5 Nxe5 16. b3 Qe6 17. Rf4 Bxe2 18. Qxe2 Nc6 19. Rd1 Nb4 20. Rdf1 f5
21. g4 Nd5 22. R1f3 fxg4 0-1

[Event "10. KUP SSOBZ"]
[Site "Našice"]
[Date "2017.02.18"]
[Round "2.1"]
[White "Aleksic, Robert"]
[Black "Turicar, Goran"]
[Result "1-0"]
[WhiteElo "2153"]
[BlackElo "1860"]
[PlyCount "67"]
[EventDate "2017.02.17"]

1. e4 c5 2. Nf3 e6 3. d4 cxd4 4. Nxd4 a6 5. Nc3 Qc7 6. Be2 Nc6 7. O-O Nf6 8.
Be3 Bb4 9. Nxc6 dxc6 10. Bd3 O-O 11. f4 Bxc3 12. bxc3 c5 13. c4 Rd8 14. e5 Ne8
15. Qh5 g6 16. Qh6 b6 17. Rf3 Rxd3 18. cxd3 Bb7 19. Rh3 f5 20. exf6 Nxf6 21.
Qg5 Rf8 22. Rf1 Qc6 23. Bd2 b5 24. cxb5 axb5 25. Bc3 Ne8 26. Rf2 Rf5 27. Qh6
Qc7 28. Be5 Qf7 29. g4 Rf6 30. Bxf6 Nxf6 31. Qg5 Nd5 32. f5 exf5 33. gxf5 Qd7
34. fxg6 1-0

[Event "10. KUP SSOBZ"]
[Site "Našice"]
[Date "2017.02.18"]
[Round "2.2"]
[White "Mican, Mato"]
[Black "Lijic, Josip"]
[Result "1/2-1/2"]
[WhiteElo "1931"]
[BlackElo "2038"]
[PlyCount "107"]
[EventDate "2017.02.17"]

1. e4 d5 2. exd5 Nf6 3. Nc3 Nxd5 4. d4 e6 5. Nf3 Bb4 6. Bd2 O-O 7. Bd3 h6 8.
O-O Bxc3 9. bxc3 Qf6 10. Qc1 c5 11. Ne5 Nc6 12. Nxc6 bxc6 13. c4 Ne7 14. dxc5
Nf5 15. Rb1 e5 16. Bc3 Nd4 17. Qe3 Rd8 18. f4 e4 19. Qxe4 Ne2+ 20. Qxe2 Qxc3
21. Qe4 Qd4+ 22. Qxd4 Rxd4 23. Rfe1 Ba6 24. g3 Kf8 25. Kf2 Rad8 26. Rb4 g6 27.
Ra4 Bb5 28. Rxa7 Bxc4 29. Bxc4 Rxc4 30. Re2 Rxc5 31. Ke1 Rcd5 32. Ree7 Rf5 33.
Rec7 Rd6 34. a4 g5 35. fxg5 hxg5 36. Rd7 Re5+ 37. Kf1 Rf6+ 38. Kg2 Re2+ 39. Kh3
Rxc2 40. Kg4 Rxh2 41. Kxg5 Rhf2 42. g4 Rg6+ 43. Kh4 Rf4 44. Kh5 Rf1 45. Rd8+
Kg7 46. g5 Rf5 47. Raa8 Rfxg5+ 48. Kh4 Rg1 49. Rg8+ Kf6 50. Rxg6+ fxg6 51. Rc8
Rc1 52. a5 Ke6 53. a6 Ra1 54. Rxc6+ 1/2-1/2

[Event "10. KUP SSOBZ"]
[Site "Našice"]
[Date "2017.02.18"]
[Round "2.2"]
[White "Pintaric, Ivica"]
[Black "Skocibusic, Ivo"]
[Result "0-1"]
[WhiteElo "2006"]
[BlackElo "1893"]
[PlyCount "120"]
[EventDate "2017.02.17"]

1. e4 e6 2. g3 b6 3. Bg2 Bb7 4. Qe2 d5 5. d3 Be7 6. Nh3 Nf6 7. exd5 Nxd5 8. O-O
c6 9. a3 O-O 10. Nd2 Nd7 11. Ne4 N7f6 12. Re1 Re8 13. Bd2 h6 14. Rad1 Bf8 15.
g4 Qc7 16. g5 hxg5 17. Bxg5 Be7 18. Nxf6+ Nxf6 19. Be4 Nxe4 20. dxe4 c5 21. c4
f6 22. Bf4 e5 23. Bc1 Rad8 24. f3 Rxd1 25. Rxd1 Rd8 26. Nf2 Bc8 27. Rd2 Rd4 28.
Nd1 Be6 29. b3 Qd7 30. Ne3 Rxd2 31. Qxd2 Qd4 32. Kg2 g6 33. Qxd4 exd4 34. Nd5
Bxd5 35. exd5 Bd6 36. h3 g5 37. h4 gxh4 38. Kh3 Bg3 39. Kg4 Bf2 40. Bd2 Be3 41.
Be1 d3 42. Kxh4 d2 43. Bxd2 Bxd2 44. Kg4 Kf7 45. Kf5 Bc3 46. f4 Ke7 47. Ke4 Kd6
48. a4 a6 49. Kf5 b5 50. Ke4 bxc4 51. bxc4 Ba5 52. Kf5 Bd8 53. Ke4 Bc7 54. Kf5
Ke7 55. Ke4 Kf7 56. d6 Bxd6 57. f5 Ke7 58. Kd5 Kd7 59. Ke4 Kc6 60. Kd3 Be5 0-1

[Event "10. KUP SSOBZ"]
[Site "Našice"]
[Date "2017.02.18"]
[Round "2.2"]
[White "Mican, Karmela"]
[Black "Dvorski, Renato"]
[Result "0-1"]
[WhiteElo "1840"]
[BlackElo "1958"]
[PlyCount "52"]
[EventDate "2017.02.17"]

1. e4 Nc6 2. Nf3 d6 3. d4 e5 4. Bb5 exd4 5. Nxd4 Bd7 6. a4 Nxd4 7. Qxd4 a6 8.
Bxd7+ Qxd7 9. Nc3 Nf6 10. h3 Be7 11. b3 O-O 12. Bb2 Ne8 13. Nd5 Bf6 14. Nxf6+
Nxf6 15. g4 Qc6 16. f3 Qxc2 17. Rc1 Qxb3 18. Ke2 c5 19. Qd2 Qxa4 20. Bxf6 gxf6
21. Qxd6 Qa2+ 22. Ke3 Rfd8 23. Qh2 Qxh2 24. Rxh2 Rac8 25. Ra2 Rc6 26. Raa1 Rdd6
0-1

[Event "10. KUP SSOBZ"]
[Site "Našice"]
[Date "2017.02.18"]
[Round "2.2"]
[White "Njegovanovic Ocelic, Paula"]
[Black "Perci, Franjo"]
[Result "0-1"]
[WhiteElo "1642"]
[BlackElo "1700"]
[PlyCount "86"]
[EventDate "2017.02.17"]

1. e4 c5 2. Nf3 e6 3. d4 cxd4 4. Nxd4 Nc6 5. Nxc6 bxc6 6. e5 g6 7. b3 Bg7 8.
Qd6 Qa5+ 9. Bd2 Qxe5+ 10. Qxe5 Bxe5 11. Bc3 Bxc3+ 12. Nxc3 Nf6 13. O-O-O O-O
14. f3 a5 15. Na4 Nd5 16. Kb2 Rd8 17. c4 Ne3 18. Rd3 Nxf1 19. Rxf1 d5 20. Rfd1
Rb8 21. Nc3 Kf8 22. Ne4 Ke7 23. Nc5 Bb7 24. Kc3 Kd6 25. Ne4+ Ke7 26. Nc5 Ba8
27. R1d2 e5 28. cxd5 cxd5 29. Kb2 Rbc8 30. Na4 Rd6 31. Nc3 Ke6 32. Nb5 Rd7 33.
Na3 f5 34. Nc4 dxc4 35. Rxd7 c3+ 36. Kb1 cxd2 37. Rxd2 e4 38. g3 Ke5 39. Rd7
Bd5 40. Rxh7 e3 41. g4 e2 42. Rh3 e1=Q+ 43. Kb2 Qc1# 0-1

[Event "10. KUP SSOBZ"]
[Site "Našice"]
[Date "2017.02.18"]
[Round "2.3"]
[White "Cajzler, Hinko"]
[Black "Grguric, Stjepan-Kresimir"]
[Result "1-0"]
[WhiteElo "2086"]
[BlackElo "2108"]
[PlyCount "53"]
[EventDate "2017.02.17"]

1. d4 d5 2. c4 dxc4 3. Nf3 Nf6 4. e3 e6 5. Bxc4 c5 6. O-O Nc6 7. Nc3 a6 8. a4
Qc7 9. Qe2 Be7 10. dxc5 Bxc5 11. h3 O-O 12. e4 Nh5 13. Be3 Qb6 14. a5 Qa7 15.
Rfe1 e5 16. Nd5 Nd4 17. Nxd4 exd4 18. Bd2 g6 19. b4 d3 20. Qf3 Bd4 21. Ra3 b5
22. axb6 Bxb6 23. Nxb6 Qxb6 24. Rxd3 Bb7 25. Rd7 Nf6 26. Rxb7 Qxb7 27. Qxf6 1-0

[Event "10. KUP SSOBZ"]
[Site "Našice"]
[Date "2017.02.18"]
[Round "2.3"]
[White "Grguric, Damir"]
[Black "Prekratic, Marijan"]
[Result "1/2-1/2"]
[WhiteElo "2001"]
[BlackElo "1902"]
[PlyCount "32"]
[EventDate "2017.02.17"]

1. d4 d5 2. Nf3 Nf6 3. Bf4 c6 4. e3 g6 5. Bd3 Bg7 6. h3 Nbd7 7. O-O Ne4 8. c4
O-O 9. Nc3 Nxc3 10. bxc3 e6 11. Rb1 Qe7 12. cxd5 exd5 13. c4 dxc4 14. Bxc4 Nb6
15. Bb3 Be6 16. Bxe6 Qxe6 1/2-1/2

[Event "10. KUP SSOBZ"]
[Site "Našice"]
[Date "2017.02.18"]
[Round "2.3"]
[White "Novak, Grgur"]
[Black "Vihovanec, Tomislav"]
[Result "1/2-1/2"]
[WhiteElo "1928"]
[BlackElo "1995"]
[PlyCount "113"]
[EventDate "2017.02.17"]

1. e4 c5 2. Nf3 e6 3. d4 cxd4 4. Nxd4 Nc6 5. Nc3 Nf6 6. Ndb5 Bb4 7. a3 Bxc3+ 8.
Nxc3 d5 9. exd5 Nxd5 10. Bd2 O-O 11. Be2 b6 12. O-O Bb7 13. Bf3 Ne5 14. Bxd5
exd5 15. Be3 Nc4 16. Bc1 d4 17. Ne2 Qd5 18. Nf4 Qc6 19. Qg4 Ne5 20. Qg3 Qxc2
21. Ne6 Nf3+ 22. gxf3 fxe6 23. Bh6 Rf7 24. Rac1 Qf5 25. Rfe1 Kh8 26. Re5 Qxf3
27. Qxf3 Rxf3 28. Rc7 gxh6 29. Rxb7 Rg8+ 30. Kf1 Rgf8 31. Rxe6 Rxf2+ 32. Ke1
R8f7 33. Ree7 Rxe7+ 34. Rxe7 Rxb2 35. Rxa7 Rxh2 36. Rb7 Ra2 37. Rxb6 Rxa3 38.
Rd6 Re3+ 39. Kf2 Re4 40. Kf3 Re3+ 41. Kf2 Rd3 42. Ke2 Rg3 43. Rxd4 h5 44. Kf2
Rg6 45. Rh4 Rg5 46. Rh2 Kg7 47. Rg2 h6 48. Kg1 h4 49. Kh2 Kg6 50. Rg1 Kf5 51.
Rf1+ Kg4 52. Rg1+ Kh5 53. Rg2 Rf5 54. Rg1 Rf2+ 55. Rg2 Rf5 56. Rg1 Rg5 57. Rg2
1/2-1/2

[Event "10. KUP SSOBZ"]
[Site "Našice"]
[Date "2017.02.18"]
[Round "2.3"]
[White "Oreskovic, Pero"]
[Black "Culo, Petar"]
[Result "1/2-1/2"]
[WhiteElo "1975"]
[BlackElo "1924"]
[PlyCount "116"]
[EventDate "2017.02.17"]

1. Nf3 Nf6 2. g3 c6 3. Bg2 d5 4. d4 e6 5. O-O Be7 6. c4 O-O 7. Ne5 Nbd7 8. f4
dxc4 9. Nxc4 Nb6 10. Ne5 Qc7 11. Qc2 Rd8 12. Be3 Nbd5 13. Bf2 Bd7 14. a3 a5 15.
h3 Rac8 16. Rc1 Be8 17. Nd2 Nd7 18. Be4 f5 19. Bg2 Nxe5 20. fxe5 Bg6 21. e4 f4
22. Qb3 a4 23. Qf3 fxg3 24. Qxg3 Nb6 25. Nc4 Nxc4 26. Rxc4 b5 27. Rc2 Qb7 28.
Rac1 b4 29. Rc4 bxa3 30. bxa3 Qa8 31. Qc3 Be8 32. d5 exd5 33. exd5 Bg5 34. Be3
Bxe3+ 35. Qxe3 cxd5 36. Bxd5+ Qxd5 37. Rxc8 h6 38. Rxd8 Qxd8 39. Rf1 Qe7 40.
Kh2 Bf7 41. Rf3 Bb3 42. Rg3 Qxa3 43. Qd4 Qe7 44. Qd6 Qf7 45. Qf6 Qxf6 46. exf6
g5 47. h4 Kf7 48. hxg5 hxg5 49. Rxg5 Kxf6 50. Ra5 Ke6 51. Kg3 Kd6 52. Kf3 Kc6
53. Ke3 Kb6 54. Rg5 a3 55. Kd2 a2 56. Rg1 Bd5 57. Kc3 Kc5 58. Rc1 Kb5 1/2-1/2

[Event "10. KUP SSOBZ"]
[Site "Našice"]
[Date "2017.02.18"]
[Round "3.1"]
[White "Drmic, Tomislav"]
[Black "Mican, Mato"]
[Result "1-0"]
[WhiteElo "2238"]
[BlackElo "1931"]
[PlyCount "101"]
[EventDate "2017.02.17"]

1. c4 e5 2. Nc3 Nf6 3. g3 Be7 4. Bg2 c6 5. d4 exd4 6. Qxd4 Qb6 7. Qxb6 axb6 8.
Be3 Bc5 9. Bxc5 bxc5 10. e4 O-O 11. Nge2 Re8 12. O-O Na6 13. Rfd1 Nc7 14. f4
Kf8 15. Bf3 Rb8 16. e5 Ng8 17. Ne4 b6 18. Rd6 h6 19. Rad1 Re6 20. Bg4 Rxd6 21.
Nxd6 Ne6 22. Nxc8 Rxc8 23. Rxd7 Rb8 24. Nc3 Ne7 25. Ne4 Ke8 26. Bxe6 fxe6 27.
Ra7 Kf8 28. Nd6 g5 29. Kf2 gxf4 30. gxf4 b5 31. cxb5 cxb5 32. Rc7 Nd5 33. Ra7
Kg8 34. Kf3 Rf8 35. f5 exf5 36. e6 Rf6 37. Ra8+ Kh7 38. Re8 b4 39. Nc4 Kg6 40.
Ne5+ Kh5 41. Nd7 Rg6 42. Nxc5 Kh4 43. Rd8 Ne7 44. Rd7 Rg7 45. a4 bxa3 46. bxa3
Kh3 47. a4 Kxh2 48. a5 Rg3+ 49. Kf4 Nc6 50. Rd2+ Kh3 51. Rd3 1-0

[Event "10. KUP SSOBZ"]
[Site "Našice"]
[Date "2017.02.18"]
[Round "3.1"]
[White "Skocibusic, Ivo"]
[Black "Grandic, Zvjezdan"]
[Result "1/2-1/2"]
[WhiteElo "1893"]
[BlackElo "2201"]
[PlyCount "46"]
[EventDate "2017.02.17"]

1. d4 Nf6 2. c4 e6 3. Nc3 d5 4. Bg5 c6 5. e3 Be7 6. Nf3 O-O 7. Rc1 Ne4 8. Bxe7
Qxe7 9. Bd3 f5 10. O-O Nd7 11. cxd5 exd5 12. Qc2 g5 13. Rce1 g4 14. Nd2 Ndf6
15. f3 Nxd2 16. Qxd2 gxf3 17. gxf3 Bd7 18. Rf2 Kh8 19. Rg2 Rg8 20. Kh1 Rxg2 21.
Qxg2 Rg8 22. Qf2 Qg7 23. Rg1 Qxg1+ 1/2-1/2

[Event "10. KUP SSOBZ"]
[Site "Našice"]
[Date "2017.02.18"]
[Round "3.1"]
[White "Aleksic, Robert"]
[Black "Mican, Karmela"]
[Result "1/2-1/2"]
[WhiteElo "2153"]
[BlackElo "1840"]
[PlyCount "72"]
[EventDate "2017.02.17"]

1. e4 e5 2. Nf3 Nc6 3. d4 exd4 4. Nxd4 d6 5. Nc3 Nf6 6. Be2 g6 7. Bg5 Bg7 8.
Bb5 Bd7 9. Nd5 h6 10. Bxf6 Bxf6 11. Nxf6+ Qxf6 12. c3 Qe7 13. O-O O-O 14. Bxc6
bxc6 15. Re1 a5 16. Qd2 Kh7 17. Re3 Qg5 18. Rf1 c5 19. f4 Qe7 20. Ne2 Bb5 21.
Rff3 Bxe2 22. Rxe2 f6 23. Rh3 Rae8 24. Ree3 Qf7 25. b3 Re7 26. c4 a4 27. Re1
axb3 28. axb3 Rfe8 29. Rhe3 Qg7 30. Qd3 Qf7 31. h4 Kh8 32. Kf2 Rg8 33. g3 Qg7
34. Qc3 Rge8 35. Kf3 Qf7 36. g4 Kg8 1/2-1/2

[Event "10. KUP SSOBZ"]
[Site "Našice"]
[Date "2017.02.18"]
[Round "3.1"]
[White "Perci, Franjo"]
[Black "Zubak, Milan"]
[Result "0-1"]
[WhiteElo "1700"]
[BlackElo "1903"]
[PlyCount "116"]
[EventDate "2017.02.17"]

1. e4 c5 2. Bc4 Nc6 3. Nc3 d6 4. a3 Nf6 5. Nge2 e6 6. d3 Be7 7. O-O O-O 8. Ng3
a6 9. Nh5 Nd4 10. Nxf6+ Bxf6 11. Ne2 d5 12. Ba2 dxe4 13. dxe4 Qc7 14. c3 Nc6
15. f4 b5 16. Ng3 c4 17. Nh5 Be7 18. Be3 Bb7 19. Qg4 g6 20. Rf3 f5 21. exf5
exf5 22. Qg3 Qd8 23. Qh3 gxh5 24. Qxh5 Qe8 25. Rg3+ Kh8 26. Qh6 Rg8 27. Bb1
Rxg3 28. hxg3 Qg6 29. Qh3 Rf8 30. Bc2 Qg4 31. Qxg4 fxg4 32. Kf2 Bc8 33. Be4 Nd8
34. Rh1 Bf5 35. Bd4+ Kg8 36. Bd5+ Be6 37. Be4 Bf6 38. Bxh7+ Kg7 39. Be4 Bxd4+
40. cxd4 Bf5 41. Bxf5 Rxf5 42. Rh4 Ne6 43. Rxg4+ Kf7 44. Rh4 Nxd4 45. Ke3 Ne6
46. Ke4 Rc5 47. g4 c3 48. bxc3 Rc4+ 49. Ke5 Nxf4 50. Rh7+ Kg6 51. Rb7 Kg5 52.
g3 Ng6+ 53. Kd5 Ra4 54. Ra7 Rxa3 55. c4 b4 56. c5 b3 57. c6 b2 58. c7 Ne7+ 0-1

[Event "10. KUP SSOBZ"]
[Site "Našice"]
[Date "2017.02.18"]
[Round "3.2"]
[White "Macanga, Branko"]
[Black "Cajzler, Hinko"]
[Result "0-1"]
[WhiteElo "1900"]
[BlackElo "2086"]
[PlyCount "100"]
[EventDate "2017.02.17"]

1. Nf3 d5 2. c4 c6 3. g3 Nf6 4. Bg2 Bf5 5. O-O e6 6. d4 h6 7. Nc3 Be7 8. c5
Nbd7 9. b4 b6 10. a4 a5 11. Ne5 Nxe5 12. dxe5 Nd7 13. e4 Bh7 14. exd5 cxd5 15.
c6 Nxe5 16. b5 O-O 17. Be3 Nd3 18. Ne2 Bf6 19. Ra3 Nb2 20. Qc1 Nc4 21. Rb3 Nxe3
22. fxe3 Be5 23. Rd1 Qc7 24. Nf4 Rad8 25. Nd3 Bd6 26. Nf4 g5 27. Ne2 Bg6 28.
Rf1 Be5 29. Nd4 Rc8 30. Nf3 Bd6 31. Nd4 Qe7 32. Bh3 Rc7 33. Rf2 h5 34. Qf1 g4
35. Bg2 h4 36. Ne2 hxg3 37. hxg3 Bb4 38. Nf4 Be4 39. Bxe4 dxe4 40. Qg2 Qd6 41.
Rb1 f5 42. Qh2 Rh7 43. Nh5 Bc5 44. Re1 Qe7 45. Rd2 Qg5 46. Rd7 Qxh5 47. Qg2 Rh8
48. Qd2 Qh3 49. Qf2 Qh6 50. Qg2 Bxe3+ 0-1